Online
Catalog

Revista médico-científica defensa en salud / (Record no. 59986)

MARC details
000 -CABECERA
campo de control de longitud fija 01976nas a2200349 i 4500
001 - NÚMERO DE CONTROL
campo de control 114098
003 - IDENTIFICADOR DEL NÚMERO DE CONTROL
campo de control DR-UNIBE
005 - FECHA Y HORA DE LA ÚLTIMA TRANSACCIÓN
campo de control 20251217112738.0
007 - CAMPO FIJO DE DESCRIPCIÓN FÍSICA--INFORMACIÓN GENERAL
campo de control de longitud fija ta
008 - DATOS DE LONGITUD FIJA--INFORMACIÓN GENERAL
campo de control de longitud fija 251029b2025 dr f||p|r||||||0| | spa d
022 ## - NÚMERO INTERNACIONAL NORMALIZADO PARA PUBLICACIONES SERIADAS
Número Internacional Normalizado para Publicaciones Seriadas 2960-7531
040 ## - FUENTE DE LA CATALOGACIÓN
Centro catalogador/agencia de origen Biblioteca UNIBE
Centro/agencia transcriptor Biblioteca UNIBE
Lengua de catalogación spa
Centro/agencia modificador DO-SdBNP
Normas de descripción rda
041 ## - CÓDIGO DE LENGUA
Código de lengua del texto/banda sonora o título independiente spa
110 ## - ENTRADA PRINCIPAL--NOMBRE DE ENTIDAD CORPORATIVA
Nombre de entidad corporativa o nombre de jurisdicción como elemento de entrada Hospital Universitario Docente Central de las Fuerzas Armadas
9 (RLIN) 88734
245 00 - MENCIÓN DE TÍTULO
Título Revista médico-científica defensa en salud /
Mención de responsabilidad, etc. Hospital Universitario Docente Central de las Fuerzas Armadas.
264 ## - PRODUCCIÓN, PUBLICACIÓN, DISTRIBUCIÓN, FABRICACIÓN Y COPYRIGHT
Producción, publicación, distribución, fabricación y copyright Santo Domingo, República Dominicana :
Nombre del de productor, editor, distribuidor, fabricante Hospital Universitario Docente Central de las Fuerzas Armadas,
Fecha de producción, publicación, distribución, fabricación o copyright 2024.
300 ## - DESCRIPCIÓN FÍSICA
Extensión volumen :
Otras características físicas ilustraciones, fotografías, gráficos, tablas ;
Dimensiones 28 cm.
310 ## - PERIODICIDAD ACTUAL
Periodicidad actual Semestral.
336 ## - TIPO DE CONTENIDO
Término de tipo de contenido texto
Código de tipo de contenido txt
Fuente rdacontent
337 ## - TIPO DE MEDIO
Nombre/término del tipo de medio sin mediación
Código del tipo de medio n
Fuente rdamedia
338 ## - TIPO DE SOPORTE
Nombre/término del tipo de soporte volumen
Código del tipo de soporte nc
Fuente rdacarrier
362 ## - FECHAS DE PUBLICACIÓN Y/O DESIGNACIÓN SECUENCIAL
Fecha de publicación y/o designación secuencial Volumen 2, número 1 (julio-diciembre 2024).
500 ## - NOTA GENERAL
Nota general Catalogación basada en el volumen 2, número 1 (julio-diciembre 2024).
520 ## - SUMARIO, ETC.
Sumario, etc. La Revista Médico-Científica Defensa en Salud es la publicación oficial de investigación en salud con sede en el Hospital Universitario Docente Central de las Fuerzas Armadas fundada el 12 de octubre del año 2022 por el coronel Médico Cirujano Oncólogo Dr. Samuel Montero García, ERD. Con dedicación a la formación nacional e internacional en todas las áreas de la salud. Esta registrada en el ISSB: 2960-7531.
650 #7 - PUNTO DE ACCESO ADICIONAL DE MATERIA--TÉRMINO DE MATERIA
Fuente del encabezamiento o término lemb
Término de materia o nombre geográfico como elemento de entrada Medicina
Subdivisión general Investigaciones
9 (RLIN) 199361
Subdivisión de forma Publicaciones periódicas
Subdivisión geográfica República Dominicana
650 #7 - PUNTO DE ACCESO ADICIONAL DE MATERIA--TÉRMINO DE MATERIA
Fuente del encabezamiento o término lemb
Término de materia o nombre geográfico como elemento de entrada Salud
Subdivisión general Investigaciones
9 (RLIN) 199362
650 #7 - PUNTO DE ACCESO ADICIONAL DE MATERIA--TÉRMINO DE MATERIA
Fuente del encabezamiento o término lemb
Término de materia o nombre geográfico como elemento de entrada Ciencias médicas
Subdivisión general Investigaciones
9 (RLIN) 199363
Subdivisión de forma Publicaciones periódicas
Subdivisión geográfica República Dominicana
650 #7 - PUNTO DE ACCESO ADICIONAL DE MATERIA--TÉRMINO DE MATERIA
Fuente del encabezamiento o término lemb
Término de materia o nombre geográfico como elemento de entrada Investigación científica
9 (RLIN) 88733
Subdivisión de forma Publicaciones periódicas
Subdivisión geográfica República Dominicana
653 ## - TÉRMINO DE INDIZACIÓN--NO CONTROLADO
Término no controlado Ciencias de la salud
655 #7 - TÉRMINO DE INDIZACIÓN--GÉNERO/FORMA
Fuente del término lemb
Datos o término principal de género/forma Publicaciones periódicas
9 (RLIN) 87420
942 ## - ELEMENTOS DE PUNTO DE ACCESO ADICIONAL (KOHA)
Fuente del sistema de clasificación o colocación Dewey Decimal Classification
Tipo de ítem Koha Publicación periódica
Holdings
Estado de retiro Estado de pérdida Fuente del sistema de clasificación o colocación Estado dañado Restricciones de uso No para préstamo Código de colección Localización permanente Ubicación/localización actual Fecha de adquisición Enumeración/cronología de publicación seriada Total de préstamos Código de barras Fecha visto por última vez Número de copia Precio válido a partir de Tipo de ítem Koha Nota pública
    Dewey Decimal Classification   Préstamo en sala   Hemeroteca Biblioteca Nacional Pedro Henríquez Ureña Biblioteca Nacional Pedro Henríquez Ureña 29.10.2025 Volumen 2, número 1 (julio-diciembre 2024)   2025-12111 29.10.2025 e.1 29.10.2025 Publicación periódica Revista Médico-Científica.

Powered by Koha